01018nam a2200277 i 450000100060000000300090000600500170001500700030003200800410003502000180007608000250009408000250011908000250014410000200016924500850018926000690027430000500034350400280039360000350042165500480045671000560050485200330056094200080059399900170060195201220061888931ES-MaACL20250905101958.0t|041228s1996 sp ||||1| spa d a84-8026-058-0 a74 Balthus (083.824) a75 Balthus (083.824) a76 Balthus (083.824)1 aBalthus.92513110aBalthus b: Museo Nacional Centro de Arte Reina Sofía, enero 1996 -marzo 1996. aMadrid : bMuseo Nacional Centro de Arte Reina Sofía, c[1996] a159 p. : bprincipalmente il. col. ; c28 cm. aBibliografía: p. 159.14aBalthus-vExposiciones.925132 72tgfbne9193628aCatálogos de exposiciones2 aMuseo Nacional Centro de Arte Reina Sofía9147737 aES-MaACLjE-10763 bR.134935 2udc c88931d88931 00104070aATENEOMbATENEOMcDEPO2d2008-01-17eSCl0oE-10763p1092884r2023-02-23 00:00:00w2023-02-23yMONOGRAFIA